Hospodářské dějiny 15

Na minha lista:
Detalhes bibliográficos
Formato: Livro
Idioma:tcheco
Publicado em: Praha Ústav československých a světových dějin ČSAV 1986
Edição:1. vyd.
Tags: Adicionar Tag
Sem tags, seja o primeiro a adicionar uma tag!

MARC

LEADER 00000nam a2200000 4500
001 c036614
005 20250124113848.9
041 0 |a cze 
044 |a CZ 
245 1 0 |a Hospodářské dějiny 15  |c Red. Jaroslav Purš 
250 |a 1. vyd. 
264 1 |a Praha  |b Ústav československých a světových dějin ČSAV  |c 1986 
300 |a 685 s.